Les joueurs de l'équipe type de City depuis 2010 - Statistiques

Statistiques générales
  • Ce quiz a été pris 172 fois
  • Le résultat moyen est 38 sur 53
Statistiques - réponses
Poste Pays Joueur % Correct
Gardien Ederson
98%
Attaquant Erling Haaland
98%
Milieu Bernardo Silva
97%
Milieu David Silva
95%
Milieu Kevin De Bruyne
95%
Attaquant Phil Foden
95%
Défenseur Rúben Dias
95%
Attaquant Sergio Agüero
95%
Milieu İlkay Gündoğan
94%
Défenseur Kyle Walker
94%
Attaquant Riyad Mahrez
92%
Milieu Rodri
91%
Défenseur Manuel Akanji
90%
Milieu Mateo Kovačić
90%
Défenseur Joško Gvardiol
89%
Défenseur John Stones
87%
Attaquant Raheem Sterling
86%
Milieu Yaya Touré
86%
Défenseur Nathan Aké
85%
Défenseur Aymeric Laporte
83%
Attaquant Julián Álvarez
83%
Défenseur João Cancelo
82%
Défenseur Kolo Touré
82%
Gardien Claudio Bravo
81%
Gardien Joe Hart
80%
Défenseur Vincent Kompany
80%
Défenseur Fernandinho
79%
Attaquant Leroy Sané
79%
Défenseur Nicolás Otamendi
79%
Attaquant Jack Grealish
78%
Attaquant Edin Džeko
77%
Attaquant Gabriel Jesus
77%
Défenseur Benjamin Mendy
76%
Défenseur Oleksandr Zinchenko
76%
Milieu Samir Nasri
73%
Défenseur Gaël Clichy
70%
Défenseur Pablo Zabaleta
61%
Défenseur Aleksandar Kolarov
59%
Défenseur Bacary Sagna
59%
Défenseur Rico Lewis
55%
Défenseur Eliaquim Mangala
52%
Attaquant Carlos Tevez
51%
Milieu James Milner
39%
Attaquant Sávio
39%
Défenseur Martín Demichelis
37%
Attaquant Jesús Navas
35%
Attaquant Álvaro Negredo
33%
Milieu Nigel de Jong
30%
Défenseur Joleon Lescott
29%
Défenseur Micah Richards
27%
Défenseur Matija Nastasić
19%
Défenseur Fabian Delph
18%
Milieu Gareth Barry
17%
Aucun quiz correspondant
Distribution des résultats
% des personnes avec chaque résultat
Percentile par nombre de réponses
Votre historique - résultats
Vous n’avez pas pris ce quiz